[Event "SRI-chB (Women)"]
[Site "Maharaga"]
[Date "2020.03.08"]
[Round "4.5"]
[White "Hewawasam, HY Nevanjee Dimanya"]
[Black "Perera, Panchali"]
[Result "1-0"]
[WhiteElo "1549"]
[BlackElo "1478"]
[PlyCount "69"]
[EventDate "2020.03.06"]
[EventType "swiss"]
[EventRounds "11"]
[EventCountry "SRI"]
[SourceTitle "CBM 195 Extra"]
[Source "ChessBase"]
[SourceDate "2020.05.31"]
[SourceVersion "1"]
[SourceVersionDate "2020.05.31"]
[SourceQuality "1"]

1. e4 e6 2. d4 d5 3. Nd2 Nf6 4. e5 Nfd7 5. Bd3 c5 6. c3 Nc6 7. Ne2 Qb6 8. Nf3 cxd4 9. cxd4 Bb4+ 10. Kf1 Be7 11. h4 f6 12. exf6 Nxf6 13. g3 Bd7 14. Kg2 Rf8 15. Nc3 Bd6 16. Be3 0-0-0 17. Na4 Qc7 18. Rc1 Ng4 19. Qe2 Nxe3+ 20. Qxe3 h6 21. a3 Kb8 22. b4 a6 23. Nc5 Bxc5 24. Rxc5 b6 25. Rc2 Qb7 26. Ne5 b5 27. Rhc1 Rc8 28. Nxc6+ Rxc6 29. Rxc6 Bxc6 30. Qxe6 Bd7 31. Qd6+ Ka7 32. Rc7 Rd8 33. Rxb7+ Kxb7 34. Qe7 Kc7 35. Qxg7 1-0

[Event "Wch U18 Girls"]
[Site "Maribor"]
[Date "2012.11.12"]
[Round "5.39"]
[White "Hervolj, Manca"]
[Black "Perera, Panchali"]
[Result "1/2-1/2"]
[WhiteElo "1654"]
[BlackElo "1674"]
[PlyCount "67"]
[EventDate "2012.11.08"]
[EventType "swiss"]
[EventRounds "11"]
[EventCountry "SLO"]
[SourceTitle "EXT 2013"]
[Source "ChessBase"]
[SourceDate "2012.11.22"]
[SourceVersion "1"]
[SourceVersionDate "2012.11.22"]
[SourceQuality "1"]

1. d4 Nf6 2. c4 g6 3. Nc3 Bg7 4. Nf3 0-0 5. Bf4 d6 6. e3 Nbd7 7. Rc1 c5 8. Be2 b6 9. 0-0 Bb7 10. d5 Nh5 11. Bg3 Nxg3 12. hxg3 Ne5 13. b3 e6 14. Nxe5 Bxe5 15. Bf3 Bxc3 16. Rxc3 e5 17. Be2 f5 18. Qe1 Qf6 19. Qc1 Rae8 20. Re1 Bc8 21. a3 Bd7 22. b4 Rb8 23. b5 h5 24. f3 h4 25. gxh4 Qxh4 26. Rf1 Kf7 27. Qe1 Qxe1 28. Rxe1 Rh8 29. a4 Ra8 30. a5 Bc8 31. Ra3 Bb7 32. Rea1 Kf6 33. f4 e4 34. Bf1 1/2-1/2

[Event "Wch U18 Girls"]
[Site "Maribor"]
[Date "2012.11.10"]
[Round "3.36"]
[White "Zpevakova, Jana"]
[Black "Perera, Panchali"]
[Result "1-0"]
[WhiteElo "1921"]
[BlackElo "1674"]
[PlyCount "81"]
[EventDate "2012.11.08"]
[EventType "swiss"]
[EventRounds "11"]
[EventCountry "SLO"]
[SourceTitle "EXT 2013"]
[Source "ChessBase"]
[SourceDate "2012.11.22"]
[SourceVersion "1"]
[SourceVersionDate "2012.11.22"]
[SourceQuality "1"]

1. d4 Nf6 2. c4 g6 3. Nc3 Bg7 4. Nf3 0-0 5. Bg5 h6 6. Bh4 d6 7. e4 c6 8. Be2 Nbd7 9. 0-0 e5 10. d5 c5 11. Nd2 g5 12. Bg3 a6 13. Qc2 Re8 14. Nd1 Nf8 15. Ne3 Ng6 16. Rfe1 Nf4 17. Ndf1 Bd7 18. f3 Qc8 19. Bf2 N6h5 20. Ng3 Nxg3 21. hxg3 Nxe2+ 22. Rxe2 Rf8 23. g4 f6 24. Be1 Kh7 25. g3 Rh8 26. Rh2 Kg8 27. Bc3 Qe8 28. Rh5 Qe7 29. b4 b6 30. Rb1 Qd8 31. Qd2 Rb8 32. Rh2 Kf7 33. Rf1 Kg6 34. Qf2 Qf8 35. f4 Qf7 36. fxe5 dxe5 37. bxc5 bxc5 38. Bxe5 Rhf8 39. Bxb8 Rxb8 40. e5 Bc8 41. e6 1-0

[Event "SRI-ch (Women)"]
[Site "Colombo"]
[Date "2012.03.24"]
[Round "3"]
[White "Senanayake, PR."]
[Black "Perera, Panchali"]
[Result "1-0"]
[WhiteElo "1789"]
[BlackElo "1685"]
[PlyCount "72"]
[EventDate "2012.03.23"]
[EventType "tourn"]
[EventRounds "11"]
[EventCountry "SRI"]
[SourceTitle "EXT 2013"]
[Source "ChessBase"]
[SourceDate "2012.11.22"]
[SourceVersion "1"]
[SourceVersionDate "2012.11.22"]
[SourceQuality "1"]

1. d4 e6 2. Nf3 d5 3. c3 c5 4. e3 Nc6 5. Bd3 Nf6 6. Nbd2 Bd6 7. 0-0 0-0 8. dxc5 Bxc5 9. e4 dxe4 10. Nxe4 Be7 11. Qe2 Nxe4 12. Qxe4 f5 13. Qe2 Bf6 14. Rd1 Qe7 15. Bc4 Kh8 16. Bb5 Nd8 17. Re1 a6 18. Bd3 Nc6 19. Bf4 g5 20. Be5 Nxe5 21. Nxe5 Bxe5 22. Qxe5+ Qf6 23. Bc4 Qxe5 24. Rxe5 Re8 25. Rae1 Kg7 26. Rxf5 h6 27. Rfe5 Kf6 28. f3 b5 29. Bb3 Bd7 30. R5e2 Rac8 31. Rd1 Bc6 32. Rd6 Bb7 33. Rdxe6+ Rxe6 34. Rxe6+ Kf5 35. Rb6 Rc7 36. Kf2 Re7 1-0

[Event "SRI-ch (Women)"]
[Site "Colombo"]
[Date "2012.03.23"]
[Round "1"]
[White "Basnayake, IU."]
[Black "Perera, Panchali"]
[Result "1/2-1/2"]
[WhiteElo "1799"]
[BlackElo "1685"]
[PlyCount "136"]
[EventDate "2012.03.23"]
[EventType "tourn"]
[EventRounds "11"]
[EventCountry "SRI"]
[SourceTitle "EXT 2013"]
[Source "ChessBase"]
[SourceDate "2012.11.22"]
[SourceVersion "1"]
[SourceVersionDate "2012.11.22"]
[SourceQuality "1"]

1. e4 e6 2. d4 d5 3. Nd2 Nf6 4. e5 Nfd7 5. Ngf3 c5 6. c3 Nc6 7. Be2 cxd4 8. cxd4 f6 9. exf6 Nxf6 10. 0-0 Bd6 11. Nb3 0-0 12. Be3 Bd7 13. h3 Qe7 14. Re1 Rac8 15. a3 Rc7 16. Bd3 Kh8 17. Bg5 h6 18. Nh4 Be8 19. Bd2 Ne4 20. Nf3 Nxd2 21. Qxd2 Qf6 22. Qe3 Re7 23. Rab1 Bh5 24. Ne5 Bxe5 25. dxe5 Qf4 26. Bb5 Qxe3 27. Rxe3 Bg6 28. Rc1 Rc8 29. Nd4 Be8 30. Bxc6 bxc6 31. Rec3 Kg8 32. Nxc6 Bxc6 33. Rxc6 Rxc6 34. Rxc6 Kf7 35. Kf1 Rb7 36. Rc2 Ke7 37. Ke2 Kd7 38. Kd3 Rb3+ 39. Kd2 a6 40. Kc1 g6 41. Rc5 Rb6 42. Kc2 Rc6 43. Rc3 Rxc3+ 44. Kxc3 Kc6 45. Kd4 Kb5 46. b3 a5 47. f4 h5 48. g4 hxg4 49. hxg4 Kc6 50. a4 Kd7 51. f5 gxf5 52. gxf5 exf5 53. Kxd5 Ke7 54. e6 f4 55. Ke4 Kxe6 56. Kxf4 Kd5 57. Ke3 Ke5 58. Kd3 Kd5 59. Kc2 Kd4 60. Kd2 Kd5 61. Kd3 Kc5 62. Kc3 Kd5 63. b4 axb4+ 64. Kxb4 Kc6 65. Ka5 Kb7 66. Kb5 Ka7 67. a5 Kb7 68. a6+ Ka7 1/2-1/2